|
|
|
|
| LEADER |
03693nam a22005535i 4500 |
| 001 |
978-981-10-3180-9 |
| 003 |
DE-He213 |
| 005 |
20180113022231.0 |
| 007 |
cr nn 008mamaa |
| 008 |
170124s2017 si | s |||| 0|eng d |
| 020 |
|
|
|a 9789811031809
|9 978-981-10-3180-9
|
| 024 |
7 |
|
|a 10.1007/978-981-10-3180-9
|2 doi
|
| 040 |
|
|
|d GrThAP
|
| 050 |
|
4 |
|a QA313
|
| 072 |
|
7 |
|a PBWR
|2 bicssc
|
| 072 |
|
7 |
|a MAT034000
|2 bisacsh
|
| 082 |
0 |
4 |
|a 515.39
|2 23
|
| 082 |
0 |
4 |
|a 515.48
|2 23
|
| 100 |
1 |
|
|a Akhmet, Marat.
|e author.
|
| 245 |
1 |
0 |
|a Bifurcation in Autonomous and Nonautonomous Differential Equations with Discontinuities
|h [electronic resource] /
|c by Marat Akhmet, Ardak Kashkynbayev.
|
| 264 |
|
1 |
|a Singapore :
|b Springer Singapore :
|b Imprint: Springer,
|c 2017.
|
| 300 |
|
|
|a XI, 166 p. 31 illus., 26 illus. in color.
|b online resource.
|
| 336 |
|
|
|a text
|b txt
|2 rdacontent
|
| 337 |
|
|
|a computer
|b c
|2 rdamedia
|
| 338 |
|
|
|a online resource
|b cr
|2 rdacarrier
|
| 347 |
|
|
|a text file
|b PDF
|2 rda
|
| 490 |
1 |
|
|a Nonlinear Physical Science,
|x 1867-8440
|
| 520 |
|
|
|a This book is devoted to bifurcation theory for autonomous and nonautonomous differential equations with discontinuities of different types. That is, those with jumps present either in the right-hand-side or in trajectories or in the arguments of solutions of equations. The results obtained in this book can be applied to various fields such as neural networks, brain dynamics, mechanical systems, weather phenomena, population dynamics, etc. Without any doubt, bifurcation theory should be further developed to different types of differential equations. In this sense, the present book will be a leading one in this field. The reader will benefit from the recent results of the theory and will learn in the very concrete way how to apply this theory to differential equations with various types of discontinuity. Moreover, the reader will learn new ways to analyze nonautonomous bifurcation scenarios in these equations. The book will be of a big interest both for beginners and experts in the field. For the former group of specialists, that is, undergraduate and graduate students, the book will be useful since it provides a strong impression that bifurcation theory can be developed not only for discrete and continuous systems, but those which combine these systems in very different ways. The latter group of specialists will find in this book several powerful instruments developed for the theory of discontinuous dynamical systems with variable moments of impacts, differential equations with piecewise constant arguments of generalized type and Filippov systems. A significant benefit of the present book is expected to be for those who consider bifurcations in systems with impulses since they are presumably nonautonomous systems.
|
| 650 |
|
0 |
|a Mathematics.
|
| 650 |
|
0 |
|a Difference equations.
|
| 650 |
|
0 |
|a Functional equations.
|
| 650 |
|
0 |
|a Dynamics.
|
| 650 |
|
0 |
|a Ergodic theory.
|
| 650 |
|
0 |
|a Differential equations.
|
| 650 |
|
0 |
|a Control engineering.
|
| 650 |
1 |
4 |
|a Mathematics.
|
| 650 |
2 |
4 |
|a Dynamical Systems and Ergodic Theory.
|
| 650 |
2 |
4 |
|a Control.
|
| 650 |
2 |
4 |
|a Applications of Nonlinear Dynamics and Chaos Theory.
|
| 650 |
2 |
4 |
|a Difference and Functional Equations.
|
| 650 |
2 |
4 |
|a Ordinary Differential Equations.
|
| 700 |
1 |
|
|a Kashkynbayev, Ardak.
|e author.
|
| 710 |
2 |
|
|a SpringerLink (Online service)
|
| 773 |
0 |
|
|t Springer eBooks
|
| 776 |
0 |
8 |
|i Printed edition:
|z 9789811031793
|
| 830 |
|
0 |
|a Nonlinear Physical Science,
|x 1867-8440
|
| 856 |
4 |
0 |
|u http://dx.doi.org/10.1007/978-981-10-3180-9
|z Full Text via HEAL-Link
|
| 912 |
|
|
|a ZDB-2-PHA
|
| 950 |
|
|
|a Physics and Astronomy (Springer-11651)
|